| Tag |
First Indicator |
Second Indicator |
Subfields |
| LEADER |
00000cam a2200000 a 4500 |
| 001 |
in00001379721 |
| 005 |
20151020050535.0 |
| 008 |
930304s1989 cl 000 0 spa d |
| 010 |
|
|
|a 92148565
|
| 019 |
|
|
|a 24053430
|a 25032780
|a 26685063
|
| 035 |
|
|
|a (OCoLC)22417224
|
| 035 |
|
|
|9 AHL4254AM
|
| 040 |
|
|
|a UkLU
|c DLC
|d TXA
|d UtOrBLW
|
| 042 |
|
|
|a lccopycat
|
| 043 |
|
|
|a s-cl---
|
| 049 |
|
|
|a TXAM
|
| 050 |
0 |
0 |
|a F3101.A74
|b V47 1989
|
| 100 |
1 |
|
|a Verdugo, Patricia.
|
| 245 |
1 |
0 |
|a Caso Arellano :
|b los zarpazos del Puma /
|c Patricia Verdugo.
|
| 264 |
|
1 |
|a Santiago :
|b CESOC :
|b Ediciones ChileAmérica,
|c 1989.
|
| 300 |
|
|
|a 289 pages ;
|c 19 cm.
|
| 336 |
|
|
|a text
|b txt
|2 rdacontent
|
| 337 |
|
|
|a unmediated
|b n
|2 rdamedia
|
| 338 |
|
|
|a volume
|b nc
|2 rdacarrier
|
| 500 |
|
|
|a Spine title: Zarpazos del Puma.
|
| 600 |
1 |
0 |
|a Arellano Stark, Sergio.
|
| 650 |
|
0 |
|a Assassins
|z Chile.
|
| 650 |
|
0 |
|a Political prisoners
|z Chile.
|
| 650 |
|
0 |
|a Political atrocities
|z Chile.
|
| 650 |
|
0 |
|a Military helicopters
|z Chile.
|
| 651 |
|
0 |
|a Chile
|x Politics and government
|y 1973-
|
| 740 |
0 |
|
|a Zarpazos del Puma.
|
| 999 |
|
|
|a MARS
|
| 999 |
f |
f |
|s a41344f2-a40c-33b8-9419-f8f9b042a6ce
|i 736589ed-1e9e-30ca-ba84-de57bf272e1e
|t 0
|
| 952 |
f |
f |
|p ric
|a Texas A&M University
|b Rellis Campus
|c Joint Library Facility
|d Remote Storage
|t 0
|e F3101.A74 V47 1989
|h Library of Congress classification
|i unmediated -- volume
|m A14821553659
|
| 998 |
f |
f |
|a F3101.A74 V47 1989
|t 0
|l Remote Storage
|